The metamorphosis / (Record no. 50275)
| 000 -LEADER | |
|---|---|
| fixed length control field | 00946nam a2200253 4500 |
| 020 ## - INTERNATIONAL STANDARD BOOK NUMBER | |
| International Standard Book Number | 9781788884587 |
| 035 ## - SYSTEM CONTROL NUMBER | |
| System control number | 23139350 |
| 040 ## - CATALOGING SOURCE | |
| Original cataloging agency | DLC |
| Language of cataloging | eng |
| Description conventions | rda |
| Transcribing agency | DLC |
| 041 1# - LANGUAGE CODE | |
| Language code of text/sound track or separate title | eng |
| Language code of original and/or intermediate translations of text | ger |
| 042 ## - AUTHENTICATION CODE | |
| Authentication code | pcc |
| 050 00 - LIBRARY OF CONGRESS CALL NUMBER | |
| Classification number | Aramont Library no. 530 |
| 050 10 - LIBRARY OF CONGRESS CALL NUMBER | |
| Classification number | PT2621.A26 |
| Item number | V413 1937 |
| 100 ## - MAIN ENTRY--PERSONAL NAME | |
| Personal name | Kafka, Franz, |
| Dates associated with a name | 1883-1924, |
| Relator term | author. |
| 9 (RLIN) | 9808 |
| 240 ## - UNIFORM TITLE | |
| Uniform title | <a href="Verwandlung.">Verwandlung.</a> |
| Language of a work | English |
| 245 ## - TITLE STATEMENT | |
| Title | The metamorphosis / |
| Statement of responsibility, etc | Franz Kafka ; translated by A.L. Lloyd. |
| 260 ## - PUBLICATION, DISTRIBUTION, ETC. (IMPRINT) | |
| Name of publisher, distributor, etc | Arcturus Publishing Ltd. ; |
| Date of publication, distribution, etc | November 15, 2018. |
| 300 ## - PHYSICAL DESCRIPTION | |
| Extent | 74 pages ; |
| Dimensions | 19 cm. |
| 500 ## - GENERAL NOTE | |
| General note | First English language edition. |
| 500 ## - GENERAL NOTE | |
| General note | LC copy: original quarter blue cloth over dark gray paper boards. Blue paper label on the front cover, spine lettered in black. |
| Institution to which field applies | DLC |
| 650 ## - SUBJECT ADDED ENTRY--TOPICAL TERM | |
| Topical term or geographic name as entry element | Alienation (Social psychology) |
| Form subdivision | Fiction. |
| 9 (RLIN) | 87287 |
| 942 ## - ADDED ENTRY ELEMENTS (KOHA) | |
| Source of classification or shelving scheme | |
| Koha item type | Book |
| Withdrawn status | Lost status | Source of classification or shelving scheme | Damaged status | Not for loan | Home library | Current library | Date acquired | Total Checkouts | Full call number | Barcode | Date last seen | Price effective from | Koha item type |
|---|---|---|---|---|---|---|---|---|---|---|---|---|---|
| Logos International School | Logos International School | 03/23/2026 | FIC KAF | 040917 | 03/24/2026 | 03/23/2026 | Book |